Countries By 3 Clues #6 - Statistics

General Stats
  • This quiz has been taken 43 times
  • The average score is 11 of 15
Answer Stats
3 Clues Countries % Correct
IKEA, Nobel Prize, ABBA Sweden
98%
Iberia, Cristiano Ronaldo, Escudo Portugal
95%
Simón Bolívar, Landlocked, Evo Morales Bolivia
93%
Dominican Republic, French, Papa Doc Haiti
93%
Caribbean Sea, Bay of Pigs, Cigars Cuba
90%
Summer Olympics, Homer, Drachma Greece
85%
Petra, Abdullah II, Queen Rania Jordan
85%
Wallonia, Peter Paul Rubens, King Philippe Belgium
78%
Shia, Caucasus Mountains, Baku Azerbaijan
73%
Mediterranean, Arab Spring, Dinar Tunisia
73%
Franz Kafka, Škoda Auto, Koruna Czech Republic
68%
2011, Juba, Dinka South Sudan
65%
Cotonou, Dahomey, Porto-Novo Benin
55%
Baseball, Punta Cana, Rafael Trujillo Dominican Republic
55%
Bujumbura, Gitega, Coffee Burundi
45%
No matching quizzes found
Score Distribution
Percent of People with Each Score
Percentile by Number Answered
Your Score History
You have not taken this quiz